QUEST Central Library Banner

Engineering Mechanic Statics (Record no. 14582)

MARC details
000 -LEADER
fixed length control field 00379nam a22001697a 4500
020 ## - INTERNATIONAL STANDARD BOOK NUMBER
ISBN 1119723515
022 ## - INTERNATIONAL STANDARD SERIAL NUMBER
ISSN 978-1119723516
082 ## - DEWEY DECIMAL CLASSIFICATION NUMBER
Classification number 620.1MER
100 ## - MAIN ENTRY--AUTHOR NAME
Personal name Meriam J L
245 ## - TITLE STATEMENT
Title Engineering Mechanic Statics
250 ## - EDITION STATEMENT
Edition statement 6th ed
260 ## - PUBLICATION, DISTRIBUTION, ETC. (IMPRINT)
Place of publication New Delhi
Name of publisher McGraw hill
Year of publication 2013
300 ## - PHYSICAL DESCRIPTION
Number of Pages 510p
650 ## - SUBJECT ADDED ENTRY--TOPICAL TERM
Topical Term Mechanics, Applied
650 ## - SUBJECT ADDED ENTRY--TOPICAL TERM
Topical Term Statics
942 ## - ADDED ENTRY ELEMENTS (KOHA)
Koha item type Books
Holdings
Withdrawn status Lost status Home library Current library Date acquired Cost, normal purchase price Full call number Accession Number Koha item type
    Central Library, QUEST, Nawabshah Central Library, QUEST, Nawabshah 09/11/2015 1320.00 620.1MER 53460 Books

Copyright © 2018,The QUEST, Nawabshah, Shaheed Benazirabad. All rights reserved
Mr. G. Farooq Channar (Librarian) QUEST, Nawabshah, Sindh, Pakistan 67480.
 Ph#: |   0244-9370381-4 Ext. 2308   Email| lib@quest.edu.pk   Web|  http://www.quest.edu.pk